| 000 | 00715cam a22002533a 4500 | ||
|---|---|---|---|
| 001 | 24723 | ||
| 003 | PGUSA | ||
| 005 | 20140828083531.0 | ||
| 008 | 080301s2008||||xxu|||||s|||||000 1 eng d | ||
| 040 |
_aPGUSA _beng |
||
| 042 | _adc | ||
| 050 | 4 | _aPS | |
| 100 | 1 |
_aCole, Everett B., _d1918-1977 |
|
| 245 | 1 | 0 |
_aFinal Weapon _h[electronic resource] / _cEverett B. Cole |
| 260 |
_bProject Gutenberg, _c2008 |
||
| 506 | _aPublic domain in the USA. | ||
| 516 | _aElectronic text | ||
| 653 | _aTelepathy -- Fiction | ||
| 653 | _aScience fiction, American | ||
| 700 | 1 |
_aLeydenfrost, Alexander, _d1888-1961 |
|
| 830 | 0 |
_aProject Gutenberg _v24723 |
|
| 856 | 4 | 0 | _uhttp://www.gutenberg.org/ebooks/24723 |
| 942 | _cEB | ||
| 999 |
_c253978 _d253978 |
||